<?xml version="1.0" encoding="UTF-8"?>
<marc:record xmlns:marc="http://www.loc.gov/MARC21/slim">
   <marc:leader>00000nam a2200000 a 4500</marc:leader>
   <marc:datafield ind1="0" ind2="0" tag="245">
      <marc:subfield code="a">Hotel Bosporus</marc:subfield>
   </marc:datafield>
   <marc:datafield ind1=" " ind2="1" tag="264">
      <marc:subfield code="a">Zürich</marc:subfield>
      <marc:subfield code="b">Diogenes-Verl.</marc:subfield>
      <marc:subfield code="c">2001</marc:subfield>
   </marc:datafield>
   <marc:datafield ind1="1" ind2=" " tag="520">
      <marc:subfield code="a">Deutsche trinken Bier. Und Türken essen Kebap. Kati Hirschel kämpft jeden Tag gegen solche Klischees. Seit drei Jahren betreibt sie in Istanbul ihren Krimibuchladen, und noch immer fallen die Türken in Ohnmacht, wenn sie lacht - Deutsche lachen nicht. Kati Hirschel lässt sich aber nicht festnageln: Sie wächst auch über ihre Rolle als Krimibuchhändlerin hinaus und wird zu einer charmanten Detektivin. Nach dem Motto: Die Buchhändlerin, dein Freund und Helfer.</marc:subfield>
   </marc:datafield>
   <marc:datafield ind1=" " ind2=" " tag="041">
      <marc:subfield code="a">ger</marc:subfield>
   </marc:datafield>
   <marc:datafield ind1=" " ind2=" " tag="338">
      <marc:subfield code="a">Band</marc:subfield>
   </marc:datafield>
   <marc:datafield ind1=" " ind2=" " tag="300">
      <marc:subfield code="a">287</marc:subfield>
   </marc:datafield>
</marc:record>
